| 000 | 00633nam a2200193 a 4500 | ||
|---|---|---|---|
| 005 | 20210223122705.0 | ||
| 008 | 991125s1990 ea 000 0 spa u | ||
| 020 | _a187413202X | ||
| 035 | _aUPN01000039913 | ||
| 049 | _aCG | ||
| 050 | 4 |
_aDS208 _bA4.48 |
|
| 245 | 1 | 0 |
_aModernidad y tradición : _bla educación saudita / _cFouad Al-Farsy ; tr. Ltd. Cambridge. |
| 260 |
_a[Cambridge, Ing.] : _bKnight Communications, _c1990. |
||
| 300 | _a342 p. | ||
| 651 | 4 |
_aARABIA SAUDITA - _xCONDICIONES ECONOMICAS _91421 |
|
| 651 | 4 |
_aARABIA SAUDITA - _xDESCRIPCION Y VIAJES _91422 |
|
| 651 | 4 |
_aARABIA SAUDITA - _xHISTORIA _91423 |
|
| 905 | _aLibro | ||
| 999 |
_c39913 _d39913 |
||